| 000 | 01357nam a2200289 i 4500 | ||
|---|---|---|---|
| 001 | 16353 | ||
| 003 | DO-SdUEMH | ||
| 005 | 20260203220025.0 | ||
| 007 | ta | ||
| 008 | 211105s2010||||dr a|||gr|||| 0|| | spa d | ||
| 040 |
_aDO-SdUEMH _bspa _erda |
||
| 041 | _aspa | ||
| 082 | 1 | 4 |
_aRD363.1 S456C 2010 _mRD _bO96 |
| 084 | _b11-00083 | ||
| 100 | 1 |
_aOVIEDO, JOSE _eaut |
|
| 245 |
_aLa seguridad Ciudadana en República Dominicana: _bprocesos y contextos socioeconómicos / _cJosé Ovideo |
||
| 260 | _c2010 | ||
| 264 | 1 |
_aSanto Domingo, República Dominicana : _c2010 |
|
| 300 |
_a45 páginas : _bilustraciones ; _c27 cm. |
||
| 336 |
_2rdacontent _atexto _btxt |
||
| 337 |
_2rdamedia _asin mediación _bn |
||
| 338 |
_2rdacarrier _avolumen _bnc |
||
| 504 | _aContiene Información Bibliográfica a Final de la Obra. | ||
| 505 | 2 | _aCapítulo 1: Definiciones operativas -- Capítulo 2: Objetivos -- Capítulo 3: Componentes -- Capítulo 4: La victimización -- Capítulo 5: Las percepciones de inseguridad ciudadana -- Capítulo 6: Raíces sociales de la inseguridad ciudadana -- Capítulo 7: Hacia un enfoque multidimensional: crecimiento y volatilidad económica e inseguridad ciudadana -- Capítulo 8: Jóvenes, educación y producción social de la inseguridad ciudadana -- Capítulo 9: Algunas recomendaciones finales. | |
| 942 |
_2ddc _cBK _n0 |
||
| 999 |
_c16353 _d16353 |
||